003630000a22001090004500090001700000245010500017041001400122100002500136942001300161773006200174999001700236 aASbSeriadas10aDos nuevas subespecies de aves de la Serranía del Chiribiquete, departamento del Caqueta, Colombia0 aEspañol1 aStiles, F. Gary9877 cARTICULO1 tLozania: Acta Zoológica Colombiana3375h66q1-16d1995 c15219d15219